| 000 | 00747nab a2200229u 4500 | ||
|---|---|---|---|
| 001 | 15460 | ||
| 003 | HDC | ||
| 007 | c| |||a|c|aaaa | ||
| 008 | 210217b20140411my ||||| |||| 00| 0 may d | ||
| 040 | _aHDC | ||
| 245 | 0 | _aFELCRA teroka ternakan lembu di Australia | |
| 336 |
_atext _2rdacontent |
||
| 337 |
_acomputer _2rdamedia |
||
| 338 |
_aonline resource _2rdacarrier |
||
| 650 |
_aFELCRA Bhd _910397 |
||
| 650 |
_aMinistry of International Trade and Industry (MITI) _910721 |
||
| 710 | _aBERITA HARIAN | ||
| 856 | _zRequest full-text at [email protected] | ||
| 942 | _2lcc | ||
| 942 | _cNEWS | ||
| 942 | _kNWSC 003726 | ||
| 999 |
_c12776 _d12776 |
||